The historical geography of improved cattle in the United States to 1870 /

Bibliographic Details
Main Author: Brinkman, Leonard William, 1933-
Format: Thesis Book
Language:English
Published: [Place of publication not identified] : [publisher not identified] ; 1964.
Subjects:

MARC

Tag First Indicator Second Indicator Subfields
LEADER 00000cam a2200000 a 4500
001 in00000083824
005 20151008054319.0
008 810402r19781964miub b 00010 eng d
035 |a (OCoLC)07297313 
035 |9 AAJ0289AM 
040 |a IAZ  |c IAZ  |d TXA  |d UtOrBLW 
043 |a n-use-- 
049 |a TXAS  |v 1 [1701857]  |v 2 [1701858] 
090 |a SF196.U5  |b B75 1978 
100 1 |a Brinkman, Leonard William,  |d 1933- 
245 1 4 |a The historical geography of improved cattle in the United States to 1870 /  |c by Leonard William Brinkman, Jr. 
264 1 |a [Place of publication not identified] :  |b [publisher not identified] ;  |c 1964. 
300 |a 2 volumes :  |b maps. 
336 |a text  |b txt  |2 rdacontent 
337 |a unmediated  |b n  |2 rdamedia 
338 |a volume  |b nc  |2 rdacarrier 
500 |a Vita (volume 2). 
500 |a Volume 2 consists of maps and appendices. 
502 |b Ph. D.  |c University of Wisconsin  |d 1964. 
504 |a Bibliography: volume 1, leaves 372-386. 
533 |a Photocopy.  |b Ann Arbor, Mich. :  |c University Microfilms International,  |d 1978.  |e 22 x 27 cm. 
650 0 |a Cattle breeds  |z Northeastern States  |x History. 
650 0 |a Cattle  |z Northeastern States  |x History. 
650 0 |a Cattle  |x Breeding  |z Northeastern States. 
650 0 |a Cattle  |x Geographical distribution. 
999 |a MARS 
999 f f |s feece99e-d236-3849-87dc-ab90c80e132a  |i 10861c33-8ec7-3d92-a9dc-b1c4e0a376eb  |t 0 
952 f f |p noncirc  |a Texas A&M University  |b College Station  |c Cushing Memorial Library & Archives  |d Cushing: Dykes (Does not check out)  |t 0  |e SF196.U5 B75 1978  |h Library of Congress classification  |i unmediated -- volume  |m A14851924473 
952 f f |p noncirc  |a Texas A&M University  |b College Station  |c Cushing Memorial Library & Archives  |d Cushing: Dykes (Does not check out)  |t 0  |e SF196.U5 B75 1978  |h Library of Congress classification  |i unmediated -- volume  |m A14851924481 
998 f f |a SF196.U5 B75 1978  |s v.1-v.2  |t 0  |l Cushing: Dykes (Does not check out)